Progress in economics research Volume 14 /

Bibliographic Details
Corporate Author: ProQuest (Firm)
Other Authors: Tavidze, Albert.
Format: Electronic eBook
Language:English
Published: New York : Nova Science Publishers, c2010.
Series:Progress in economics research ; v. 14
Subjects:
Online Access:Click to View
LEADER 01380nam a2200373Ia 4500
001 EBC3019044
003 MiAaPQ
005 20200520144314.0
006 m o d |
007 cr cn|||||||||
008 110214s2010 nyua sb 001 0 eng d
020 |z 9781604569629 
020 |a 9781612099071 (electronic bk.) 
020 |a 1612099076 (electronic bk.) 
035 |a (MiAaPQ)EBC3019044 
035 |a (Au-PeEL)EBL3019044 
035 |a (CaPaEBR)ebr10662850 
035 |a (OCoLC)701717546 
040 |a MiAaPQ  |c MiAaPQ  |d MiAaPQ 
050 4 |a HB171  |b .P76 2010 
082 0 4 |a 330  |2 22 
245 0 0 |a Progress in economics research  |h [electronic resource] .  |n Volume 14 /  |c Albert Tavidze, editor. 
260 |a New York :  |b Nova Science Publishers,  |c c2010. 
300 |a x, 277 p. :  |b ill. (some col.). 
490 0 |a Progress in economics research ;  |v v. 14 
504 |a Includes bibliographical references and index. 
533 |a Electronic reproduction. Ann Arbor, MI : ProQuest, 2015. Available via World Wide Web. Access may be limited to ProQuest affiliated libraries. 
650 0 |a Economics. 
650 0 |a Economics  |x Research. 
650 0 |a Economics  |x Mathematical models. 
655 4 |a Electronic books. 
700 1 |a Tavidze, Albert. 
710 2 |a ProQuest (Firm) 
856 4 0 |u https://ebookcentral.proquest.com/lib/matrademy/detail.action?docID=3019044  |z Click to View